Cultura, poder y reproducción étnica en Tlaxcala, México / (Record no. 217450)
[ view plain ]
| 000 -CABECERA | |
|---|---|
| campo de control de longitud fija | 00743nam a22001817a 4500 |
| 005 - FECHA Y HORA DE LA ÚLTIMA TRANSACCIÓN | |
| campo de control | 20220729143217.0 |
| 008 - DATOS DE LONGITUD FIJA--INFORMACIÓN GENERAL | |
| campo de control de longitud fija | 220728s2007 mx a|||f |||| 00| 0 spa d |
| 020 ## - NÚMERO INTERNACIONAL ESTÁNDAR DEL LIBRO | |
| Número Internacional Estándar del Libro | 978-968-865-146-9 |
| 040 ## - FUENTE DE LA CATALOGACIÓN | |
| Centro/agencia transcriptor | CHAP |
| 082 ## - NÚMERO DE LA CLASIFICACIÓN DECIMAL DEWEY | |
| Número de clasificación | 305.80097247 |
| Número de documento/Ítem | C96 |
| Número de edición | 22 |
| 245 ## - MENCIÓN DE TÍTULO | |
| Título | Cultura, poder y reproducción étnica en Tlaxcala, México / |
| Mención de responsabilidad, etc. | compilado por Osvaldo Romero. |
| 264 ## - PRODUCCIÓN, PUBLICACIÓN, DISTRIBUCIÓN, FABRICACIÓN Y COPYRIGHT | |
| Producción, publicación, distribución, fabricación y copyright | Tlaxcala, México : |
| Nombre del de productor, editor, distribuidor, fabricante | Universidad Autonoma de Tlaxcala : |
| -- | Universidad de la Fontera, Chile : |
| -- | El Colegio de Tlaxcala, |
| Fecha de producción, publicación, distribución, fabricación o copyright | 2007. |
| 300 ## - DESCRIPCIÓN FÍSICA | |
| Extensión | 244 páginas : |
| Otras características físicas | figuras. |
| 650 #0 - PUNTO DE ACCESO ADICIONAL DE MATERIA--TÉRMINO DE MATERIA | |
| 9 (RLIN) | 185262 |
| Término de materia o nombre geográfico como elemento de entrada | Indios de México |
| Subdivisión geográfica | Tlaxcala (Estado) |
| Subdivisión general | Vida social y costumbres |
| 650 #7 - PUNTO DE ACCESO ADICIONAL DE MATERIA--TÉRMINO DE MATERIA | |
| 9 (RLIN) | 113480 |
| Término de materia o nombre geográfico como elemento de entrada | Tlaxcala |
| Subdivisión general | Política y gobierno |
| 700 ## - PUNTO DE ACCESO ADICIONAL--NOMBRE DE PERSONA | |
| 9 (RLIN) | 185261 |
| Nombre de persona | Romero, Osvaldo |
| Término indicativo de función/relación | Compilador |
| 942 ## - ELEMENTOS DE PUNTO DE ACCESO ADICIONAL (KOHA) | |
| Fuente del sistema de clasificación o colocación | Dewey Decimal Classification |
| Tipo de ítem Koha | Libro |
| Estado de retiro | Estado de pérdida | Fuente del sistema de clasificación o colocación | Estado dañado | Restricciones de uso | No para préstamo | Código de colección | Localización permanente | Ubicación/localización actual | Ubicación en estantería | Fecha de adquisición | Total de préstamos | Signatura topográfica completa | Código de barras | Fecha visto por última vez | Precio válido a partir de | Tipo de ítem Koha |
|---|---|---|---|---|---|---|---|---|---|---|---|---|---|---|---|---|
| Dewey Decimal Classification | Préstamo 15 días | General | Biblioteca Central | Biblioteca Central | Planta alta - Colección General | 28/07/2022 | 305.80097247 C96 | 33724002563629 | 28/07/2022 | 28/07/2022 | Libro |
